[Event "Kharkov Rector Cup 4th"]
[Site "Kharkov"]
[Date "2002.03.26"]
[Round "6"]
[White "Gershon, Alik"]
[Black "Kovchan, Alexander"]
[Result "1-0"]
[WhiteElo "2558"]
[BlackElo "2507"]
[Annotator "Gershon,A"]
[PlyCount "59"]
[EventDate "2002.03.22"]
[EventType "tourn"]
[EventRounds "10"]
[EventCountry "UKR"]
[EventCategory "13"]
[SourceTitle "CBM 089"]
[Source "ChessBase"]
[SourceDate "2002.08.12"]
[SourceVersion "1"]
[SourceVersionDate "2002.08.12"]
[SourceQuality "1"]

1. d4 Nf6 2. c4 g6 3. Nc3 d5 4. Nf3 Bg7 {'Stohl: 'Winants: Peter Leko, qui
était il y a peu de temps encore, le plus jeune grand-maître de l'histoire,
joue la défense Grünfeld avec enthousiasme, tout comme son entraîneur et
compatriote André Adorjan.''} 5. Qb3 dxc4 6. Qxc4 O-O 7. e4 a6 {'Stohl:
'Winants: Le système hongrois; les Noirs ont l'intention de mobiliser le Bc8
en fianchetto, après ...b5.''} 8. e5 b5 9. Qb3 Nfd7 10. h4 ({The other
alternatives are:} 10. Be3) (10. e6 $5 fxe6 11. Qxe6+ Kh8 12. Qe4 (12. Ng5 Ne5
$5 13. Qd5 Qxd5 14. Nxd5 Nec6 15. Nxc7 Nxd4 $5 $36 (15... Ra7 16. Nce6 Nxd4 $1
$15)) 12... Nb6 13. Qh4 Nc6 14. Bd3 Rxf3 15. gxf3 Nxd4 16. Be4 Bf5 17. Be3 c5
18. Bxd4 cxd4 19. Rd1 Rc8 20. Rg1 Bf6 21. Qh6 Bg7 22. Qh4 Bf6 23. Qh6 Bg7 {
1/2,Karpov,An-Kamsky,G/Elista m (5)/1996/}) 10... c5 {White is playing on the
kingside, therefore, black has to prepare his counterblow in the center.} (
10... Nb6 $5 {is another option that was tested in Topalov,V-Leko,P/Wijk aan
Zee 2001/ (22)}) 11. e6 fxe6 (11... c4 {is considered to be the strongest} 12.
Qd1 Nb6 13. exf7+ Rxf7 14. h5 Nc6 15. hxg6 hxg6 16. Be3 Bf5 17. Ng5 Rf6 (17...
Nxd4 $5) 18. g4 Be6 (18... Bd7 19. Bg2) 19. Nce4 {Anand - Svidler/ Linares/99})
(11... cxd4 12. exf7+ Kh8 (12... Rxf7 13. Ne4 $1 Bb7 14. Neg5 Qe8 15. Nxf7 $16)
13. h5 Qb6 (13... gxh5 14. Ng5 $40) (13... dxc3 14. hxg6 Nf6 15. Qxc3 $18 {
[%cal Rc1g5,Rf3g5] /\Bg5,Ng5->}) 14. Ne4 gxh5 15. Bd3 Nc5 16. Nxc5 Qxc5 17.
Bxh7 Bg4 18. Be4 Ra7 19. Nh4 {1-0 Gershon,A-Bagirov,R/Biel 2000/CBM 77 ext (19)
}) 12. h5 (12. Qxe6+ $2 Kh8 {Has more drawbacks than advantages.}) 12... cxd4 (
12... c4 13. Qc2 $16 {[%csl Rg6,Rh7] ע}) 13. hxg6 Nc5 {The only move to
continue} (13... Nf6 14. gxh7+ Nxh7 15. Qc2 Nf6 16. Ne4 $36) (13... dxc3 $4 14.
Qxe6+ Kh8 15. Rxh7#) 14. Qc2 {Black has many options here:} d3 $2 {Black
cannot leave white's knight on f3!} (14... Rxf3 {Une conception splendide.
L'élimination du Cavalier s'explique par la variante suivante} 15. gxf3 $1 (15.
gxh7+ Kh8 16. gxf3 d3 $1 17. Qd1 Nc6 {With compensation in : 0-1 Lautier,
J-Leko,P/Tilburg 1997/}) 15... d3 16. Qd2 $1 hxg6 17. Qg5 $40) (14... dxc3 $2 {
is losing on the spot:} 15. gxh7+ Kh8 16. Nh4 Rf6 17. Bg5 cxb2 18. Rd1 Qa5+ 19.
Ke2 $18) ({However, only:} 14... h5 $5 {as suggested by Leko, gives black good
chances to equalize} 15. Rxh5 (15. Ne4 Nxe4 16. Qxe4 Qd5) 15... dxc3 $1 (15...
Rf5 $2 16. Rxf5 exf5 17. Nxb5 $1) 16. Rxc5 Nd7) 15. gxh7+ Kh8 16. Nh4 $1 {
the king is more important than the queen (sorry ladies, it's not my idea).}
Rf6 (16... Kxh7 {was also interesting, but, I believe, white's initiative is
way too strong:} 17. Qd1 Kg8 18. Qh5 $40 {/\ Nf3-g5}) 17. Qd1 b4 {I spent a
lot of time calculating all kinds of piece sacrifices, and in all lines, the
fact that black pawn moves from b4 to c3 turned out to be much more important
than the piece it was taking.} 18. Nb1 {this, not-so-beautiful-move, in fact,
emphasises black's biggest problem - long term weakness of his king. White
need not hurry, black king is just waiting to get mated.} (18. Bg5 bxc3 19.
Bxf6 {threatening mate in one, but...} (19. Qh5 c2 $1 {the rook is untouchable
and a try to free the king from mating net:} 20. Be2 dxe2 21. Bxf6 {fails to:}
Qd1+ $1 22. Rxd1 cxd1=Q#) 19... d2+ 20. Ke2 Qd3# {black is first!}) 18... Nc6
$2 {after this, black is already lost.} (18... Qd5 {was the only way to
continue} 19. Be3 Nc6 20. Nd2 Bb7 21. Rc1 {White is better due to the safer
position of his king. However, black is very solidly placed in the center
which will always give him good counterchances.}) 19. Qh5 $1 {Covering the 5th
rank,} (19. Bg5 Qd5 $1 20. Bxf6 Qe4+ {covering the 'g6' square.} 21. Be2 Bxf6
22. Nd2 {looked too adventurous to me during the game.} dxe2 23. Nxe4 exd1=Q+
24. Rxd1 Bxh4 25. Nxc5 Bf6 {White wants to achieve more from the position
after black's 18th move.}) 19... Bb7 $2 (19... Ne4 {was the only way to go} 20.
Ng6+ Rxg6 21. Qxg6 Nc5 {and black can hope to fish in muddy waters.}) {Now
it's all over.} 20. Qxc5 Rc8 21. Bg5 Nd4 22. Bxf6 Bxf6 23. Qxc8 $1 {the most
precise. Changing off all the pieces.} Nc2+ 24. Kd1 Qxc8 25. Ng6+ Kg7 26. h8=Q+
Qxh8 27. Nxh8 {White is two rooks up - even with my technique it's usually
enough.} Be4 (27... Nxa1 28. Bxd3 {is easily winning}) 28. f3 Ne3+ (28... Bh7
29. Rxh7+ Kxh7 30. Bxd3+ Kxh8 31. Kxc2 {and white is too much up!}) 29. Kc1 Nc4
30. fxe4 1-0

[Event "ISR-chT"]
[Site "Israel"]
[Date "1999.03.19"]
[Round "8"]
[White "Gershon, Alik"]
[Black "Greenfeld, Alon"]
[Result "1-0"]
[WhiteElo "2467"]
[BlackElo "2520"]
[Annotator "Gershon,A"]
[PlyCount "64"]
[EventDate "1999.01.??"]
[EventType "team"]
[EventRounds "11"]
[EventCountry "ISR"]
[SourceTitle "CBM 070"]
[Source "ChessBase"]
[SourceDate "1999.06.08"]
[SourceVersion "1"]
[SourceVersionDate "1999.06.08"]
[SourceQuality "1"]

{[%mdl 32768]} 1. d4 Nf6 2. c4 g6 3. Nc3 d5 4. Nf3 Bg7 5. Qb3 dxc4 6. Qxc4 O-O
7. e4 Nc6 8. Be3 $6 (8. Be2 Nd7 9. Be3 Nb6 10. Qc5 $14) (8. e5 Nd7 9. Be3 (9.
Be2 Na5 10. Qd5 c5 11. dxc5 Nc6 12. e6 fxe6 13. Qxe6+ Kh8 14. Qe3 Nb4 15. Qe4
a5 16. O-O Nxc5 17. Qh4 Bf5 18. Bg5 Rf7 19. Bc4 Be6 20. Be3 Bf6 21. Ng5 Bxg5
22. Bxg5 Bxc4 23. Qxc4 Rf5 24. Be3 Ncd3 25. Rad1 Qc8 $13 {1-0 Gulko,B-Finegold,
B/Philadelphia 1987/EXT 97 (66)}) 9... Na5 10. Qa4 c5 11. e6 cxd4 12. Nxd4 Nc5
13. exf7+ Rxf7 14. Qb4 b6 15. Rd1 Qf8 16. Qa3 e5 $36 {1/2-1/2 Lputian,S-Ristic,
N/Cetinje 1991/EXT 98 (39)}) 8... Ng4 9. e5 {In order to adoid the fixation of
the pawns by e7-e5} (9. Be2 Nxe3 10. fxe3 e5 $15 {[%csl Ge3,Ge4]}) (9. O-O-O
Nxe3 10. fxe3 Bh6 $6 (10... e5 $1) 11. d5 Bxe3+ 12. Kb1 Nb8 13. h4 $44 {
1/2-1/2 Lima,D-Malisauskas,V/Biel 1993/CBM 37/[Ftacnik] (29)}) 9... Na5 $6 {
A very advanturous move, the outcome of taking on e3 is not completely clear,
therefore, black decides to sac a pawn but in my opinion he does not get full
compensation for the material.} (9... Nxe3 10. fxe3 e6 {[%cal Gf7f6] /\ f7-f6}
(10... Kh8 11. h4 $1 f6 12. h5 fxe5 13. hxg6 h6 14. d5 $16) (10... Bh6 11. d5
$5 Nb8 12. h4 {this line is actually what black was afraid of since he's
behind in developement, on the other hand, I wasn't too sure about this
position either.White has moved too far with his pawns while his king is still
in the center.} Bxe3 13. Qe4 Bb6 14. h5 Bf5 15. Qh4 $44)) 10. Qd5 c5 (10... Nc6
11. Bf4 Be6 12. Qxd8 Rfxd8 13. Rd1 (13. h3 Nxd4 14. Nxd4 Rxd4 15. Ne2 Rxf4 16.
Nxf4 Nxe5 17. Nxe6 fxe6 $14)) 11. Qxc5 Be6 12. d5 Nxe3 13. fxe3 Bg4 14. Qd4
Bxf3 15. gxf3 f6 (15... Qc7 $142 $1 {During the game I was only thinking about
this move, considering it to be black's only option, since it forces the
opening of the a1-h8/^} 16. f4 f6 17. e6 f5 18. Qb4 Rac8 19. Rc1 Rfd8 20. Ne2
$8 Qb6 $44) 16. b4 fxe5 17. Qe4 {[%csl Ga5,Gg7]} Rc8 18. Nd1 $2 {I didn't want
to pin my pieces, but after the forced e7-e6 the rook and knight are much
better placed on c1 and c3 than on a1 and d1.Now black equalizes pretty easily.
} (18. Rc1 $142 e6 (18... Kh8 19. bxa5 Qxa5 20. Kd2 Rfd8 21. Bd3 e6 22. Qa4 $16
) 19. dxe6 Nc6 20. Bc4 Kh8 21. Nd5 $16) 18... e6 19. dxe6 (19. bxa5 $4 Qxa5+
20. Kf2 exd5 $19) 19... Nc6 20. Bh3 (20. Bc4 Kh8 21. O-O Nxb4 $13 (21... Nd4
22. Bd5 Qg5+ 23. Qg4 (23. Kh1 Rc2) 23... Ne2+ 24. Kg2)) 20... Ne7 (20... Qe7
21. O-O Nd8 22. Nf2 Nxe6 23. Qd5 Rc6 24. Ne4 $16 {[%csl Gg7]}) 21. O-O b5 {
[%csl Gc4] Forcing the white knight to a bad position.} 22. Nb2 {[%csl Gb2]}
Nf5 23. Rad1 Qg5+ $2 $138 (23... Qe7 $142 24. Rd7 Qxe6 25. Rfd1 $13 (25. Bxf5
Qxf5 26. Qb7 Bh6 {[%cal Gc8c2]}) (25. Qb7 Bh6 26. e4 $2 Be3+ 27. Kh1 Ng3+ 28.
Kg2 Rc2+ 29. Kxg3 Bf4+ 30. Kh4 Qxh3+ 31. Kxh3 Rxh2+ 32. Kg4 h5# {Is just one
of the variations illustrating black's possibilities here.})) 24. Kh1 Qe7 (
24... Nxe3 25. e7 Rfe8 (25... Rf7 26. Rg1 Nxd1 27. Rxg5 Nf2+ 28. Kg2 Nxe4 29.
Bxc8 Rxe7 30. fxe4 Rc7 31. Be6+ $18) 26. Rg1 Nxd1 27. Qd5+ $18) 25. Rd7 Qxe6
26. Bxf5 $1 $138 (26. Qb7 Bh6 27. Rxh7 Ng3+ 28. Kg2 Rc2+ 29. Kxg3 (29. Rf2
Rxf2+ 30. Kxf2 Qxh3 $19) 29... Bf4+ 30. exf4 exf4+ 31. Kh4 Qf6+ 32. Kg4 Qf5+
33. Kh4 g5+ 34. Kh5 Qxh3+ 35. Kxg5 Rg2#) 26... Qxf5 27. Qb7 Bf6 $2 $138 {
[%csl Rg8][%cal Gb2d3,Gd3f2,Gf2g4,Yg4f6,Yg4h6]} (27... Bh6 $142 $1 28. Rxh7 Qh5
$1 (28... Qh3 29. Rg1) 29. Nd3 Rb8 $11 (29... Rc2 30. Rf2 Rxf2 31. Nxf2 Qxf3+
32. Qxf3 Rxf3 33. Rxh6 Rxf2 34. Rxg6+ $18)) 28. Nd3 $1 {White gets his last
piece to the K side.} Qh3 $2 $138 {Loses immediately} (28... e4 $8 29. Nc5 (29.
Nf4 $5 $36) 29... exf3 30. Rxf3 Qb1+ 31. Kg2 Qxa2+ 32. Rf2 Qc4 33. Rxf6 Qe2+
$11) (28... Rc2 29. Nf2 h5 30. Ne4 $36 {[%csl Gf6]}) 29. Kg1 Rc2 30. Nf2 Qh4
31. Ng4 Qg5 32. Rxh7 {[%cal Gh2h4,Yg4h6]} Rb8 $138 (32... Rb8 33. Qf7#) 1-0

[Event "Vlissingen HZ op 10th"]
[Site "Vlissingen"]
[Date "2006.08.11"]
[Round "8"]
[White "Gurevich, Mikhail"]
[Black "Henrichs, Thomas"]
[Result "1-0"]
[WhiteElo "2643"]
[BlackElo "2491"]
[Annotator "Gurevich,M"]
[PlyCount "73"]
[EventDate "2006.08.05"]
[EventType "swiss"]
[EventRounds "9"]
[EventCountry "NED"]
[SourceTitle "CBM 113 Extra"]
[Source "ChessBase"]
[SourceDate "2006.09.14"]
[SourceVersion "1"]
[SourceVersionDate "2006.09.14"]
[SourceQuality "1"]

1. d4 Nf6 2. c4 g6 3. Nc3 d5 4. Nf3 Bg7 5. Qb3 dxc4 6. Qxc4 O-O 7. e4 a6 8. Be2
b5 9. Qb3 c5 10. dxc5 Bb7 11. O-O Nxe4 12. Nxe4 Bxe4 13. Bf4 Bd5 (13... Nc6 14.
Qe3 Qd5 15. Rad1 Qf5 16. Bh6 Bxh6 17. Qxh6 f6 18. Qe3 Rfd8 19. h3 Bc2 20. Nd4
Nxd4 21. Rxd4 e5 22. Rxd8+ Rxd8 23. Rc1 $16 {1-0 Najer,E-Kuljasevic,D/
Pardubice CZE 2006/The Week in Chess 611 (32)}) 14. Qe3 Bxb2 15. Rad1 e6 16.
Bd6 Nc6 (16... Re8 17. Ne5 Nd7 18. f4 Nb6 19. Rd2 Bxe5 20. fxe5 Nc8 21. Bf3 Ne7
22. Bxd5 Nxd5 23. Qh6 Ra7 24. Rdf2 f5 25. exf6 Rf7 26. h4 Kh8 27. Be5 Nb4 28.
h5 gxh5 29. Qxh5 Qd7 30. Qg4 {1-0 Volkov,S-Shomoev,A/Sochi 2004/PowerBook2005})
17. Rd2 $5 {TN} Bf6 (17... Qf6 18. Bxf8 Rxf8 19. Rfd1 $36 Bxa2 20. Qh6 $1 Bd5
21. Ng5 Qg7 22. Qxh7+ $1 Qxh7 23. Nxh7 Kxh7 24. Rxb2 $14) 18. Bxf8 Qxf8 19. Rc1
Be7 20. Ng5 Na5 $5 21. Ne4 Rc8 (21... Nc4 22. Bxc4 bxc4 (22... Bxc4 23. Rd7 $5
(23. Nd6 Bd5 24. Qe5 Bxd6 25. Qxd6 Qxd6 26. cxd6 Rd8 $11) 23... Bxa2 24. c6 $36
) 23. Qf4 $14) 22. Rdc2 Nc4 23. Bxc4 Bxc4 24. Rd1 $5 (24. Rxc4 bxc4 25. Rxc4
Qd8 $132) 24... Bd5 (24... Bxc5 25. Nf6+ $40) 25. Rcd2 b4 $1 {[/\a7-a5-a4<=><<]
} 26. h4 $5 a5 (26... Bxh4 27. Nd6 Rc6 28. Qf4 Rxc5 29. Qxh4 Qxd6 30. Qxb4 $11)
27. h5 a4 28. Qd4 b3 29. axb3 axb3 30. Qe5 Qg7 (30... f6 $5) 31. Rxd5 $5 exd5
32. Qxe7 dxe4 33. c6 b2 34. c7 Qf8 35. Qe5 Qe8 $1 36. Qf6 $5 gxh5 $11 (36...
Rxc7 37. h6 Qf8 38. Rd8 b1=Q+ (38... Rc1+ 39. Kh2 Rh1+ 40. Kg3 $18) 39. Kh2 $18
) 37. Qb6 $138 (37. Qg5+ Kf8 38. Qh6+ Kg8 $11) 1-0

[Event "Vlissingen HZ op 02nd"]
[Site "Vlissingen"]
[Date "1998.07.16"]
[Round "6"]
[White "Gurevich, Mikhail"]
[Black "Mikhalevski, Victor"]
[Result "1-0"]
[WhiteElo "2635"]
[BlackElo "2545"]
[Annotator "Gurevich,M"]
[PlyCount "81"]
[EventDate "1998.07.??"]
[EventType "swiss"]
[EventRounds "7"]
[EventCountry "NED"]
[SourceTitle "CBM 066"]
[Source "ChessBase"]
[SourceDate "1998.09.30"]
[SourceVersion "1"]
[SourceVersionDate "1998.09.30"]
[SourceQuality "1"]

1. d4 {. . Stohl} Nf6 2. c4 g6 3. Nc3 d5 4. Nf3 Bg7 5. Qb3 dxc4 6. Qxc4 O-O 7.
e4 a6 8. e5 b5 9. Qb3 Nfd7 10. h4 c5 11. e6 c4 12. Qd1 Nb6 13. exf7+ Rxf7 14.
h5 $146 Nc6 (14... Bg4 15. hxg6 hxg6 16. Bh6 Qf8 17. Be3 Nc6 18. Be2 Nb4 (18...
Rd8 {-71/505}) 19. a3 Nd3+ 20. Bxd3 Bxf3 21. gxf3 cxd3 22. Qxd3 Rf5 23. Qe4 $14
{.... 1-0 Gurevich,M-David,A/Echternach op 1998 (35)}) 15. hxg6 hxg6 16. Be3
Bg4 17. Be2 Nb4 18. a3 Bxf3 19. gxf3 N4d5 20. Qc2 $146 {TN} (20. Rg1 Qd6 21. a4
e5 22. dxe5 Qxe5 23. f4 Qf5 24. Rg5 Nxc3 25. bxc3 Bxc3+ 26. Kf1 Qh3+ 27. Kg1
Bxa1 28. Bg4 Qh8 29. Rxg6+ Rg7 30. Be6+ Kf8 31. Bc5+ Ke8 32. f5 Rd8 33. Qf3 Be5
34. Qc6+ Nd7 35. Bf7+ {1-0 Petrosian,A-Malaniuk,V/Erevan 1984/MCD-r8 (35)})
20... Rf5 21. f4 $1 Nxc3 (21... Nxf4 22. Bxf4 Rxf4 23. O-O-O $5 (23. Qxg6 Qxd4
24. Rh2 $44) 23... Qd6 24. Rdg1 $40) 22. bxc3 Nd5 23. Bg4 e6 $1 (23... Rf6 24.
f5 Qd7 25. Bg5 Rff8 (25... Rd6 26. Rh4 $40) 26. Bh6 $5 $40) 24. Bxf5 exf5 25.
Kf1 Qd6 26. Bd2 Qc6 (26... Nxf4 27. Bxf4 Qxf4 28. Qe2 $16) 27. Rh3 Re8 28. Qd1
(28. Re1 Rxe1+ 29. Kxe1 Qd6 30. a4 $14) 28... a5 29. Qf3 Re4 30. Re1 Nf6 31.
Rxe4 Nxe4 32. Be1 Kf7 $2 (32... Bf8 33. Qh1 Bg7 $14) 33. Qe2 Nf6 34. Bd2 Nd5
35. Qf3 Qe6 36. Kg2 Bf6 37. Rh7+ Bg7 38. Rh1 $16 Bf8 $2 $138 39. Re1 Qc6 40.
Re5 $18 b4 41. Rxd5 1-0

[Event "Vlissingen HZ op 01st"]
[Site "Vlissingen"]
[Date "1997.??.??"]
[Round "5"]
[White "Gurevich, Mikhail"]
[Black "Cools, Gorik"]
[Result "1-0"]
[WhiteElo "2620"]
[BlackElo "2300"]
[Annotator "Gurevich,M"]
[PlyCount "65"]
[EventDate "1997.07.05"]
[EventType "swiss"]
[EventRounds "7"]
[EventCountry "NED"]
[SourceTitle "CBM 058 Extra"]
[Source "ChessBase"]
[SourceDate "1997.07.29"]
[SourceVersion "1"]
[SourceVersionDate "1997.07.29"]
[SourceQuality "1"]

1. Nf3 Nf6 2. c4 g6 3. Nc3 d5 4. d4 Bg7 5. Qb3 dxc4 6. Qxc4 O-O 7. e4 a6 8. e5
b5 9. Qb3 Ne8 10. Qd5 $1 {TN} (10. a4 c5 11. Qd5 (11. dxc5 Be6 12. Qa3 Nc7 13.
Be3 Nc6 14. Rd1 Qb8 15. Qa1 Nxe5 $132 {1/2-1/2 Bilobrk,F-Alterman,B/Pula op (7)
1990 (67)}) 11... Nc7 12. Qxc5 Bb7 13. Qb6 Bxf3 14. gxf3 Ne6 15. Qxd8 Rxd8 16.
f4 Nxd4 17. Bg2 Nc2+ 18. Ke2 Nxa1 19. Bxa8 bxa4 $132 {1/2-1/2 Kallai,G-Cools,G
Belgian tt 1995 (35)}) 10... Qxd5 11. Nxd5 Bb7 (11... Nc6 12. a4 $1 $36) 12.
Nxe7+ Kh8 {[/\13...f6, 14...Rf7 (פe7);/\ 13...c5<=>]} 13. h4 $1 Bxf3 (13... f6
14. h5 gxh5 (14... Rf7 15. Nxg6+ $1 hxg6 16. hxg6+ $18) (14... g5 15. h6 $18)
15. Rxh5 $16) (13... c5 14. h5 $1 gxh5 (14... Nc6 15. Nxc6 Bxc6 16. h6 $18) 15.
d5 $16) 14. gxf3 c5 15. f4 $1 (15. h5 Ra7 16. Bg5 (16. Nd5 cxd4 17. f4 Kg8 {
[/\18...f6<=>]}) 16... f6 17. Nc8 Rc7 $17) 15... Ra7 16. Nd5 cxd4 (16... Rd7
17. Bg2 $5 (17. Nb6 Rxd4 18. Be3 Rb4 $5 (18... Rd8 19. Bxc5 Rg8 20. Bg2 $16)
19. Bxc5 Rxf4 20. Bxf8 Re4+ 21. Kd1 Bxf8 22. Bg2 $14) 17... cxd4 18. Bd2 Nc7
19. Nb6 Rdd8 20. Rc1 $16) 17. Bd2 Nc7 18. Nb4 $5 (18. Nxc7 Rxc7 19. Bd3 Nd7 $14
) 18... Re8 $5 {[/\19...f6<=>]} (18... f6 19. h5 gxh5 20. Rxh5 Re8 21. Nd3 Nd7
22. Bh3 $16) 19. Kd1 f6 20. h5 $1 gxh5 (20... fxe5 21. hxg6 e4 22. Rxh7+ Kg8
23. a4 $5 $36) 21. exf6 Bxf6 22. Rxh5 $36 Ne6 23. Nd5 Bd8 (23... Bg7 24. Bd3
Nf8 25. Rc1 $16) 24. Rc1 Nd7 25. Rc6 $16 Nec5 (25... Ndc5 26. Re5 $16) 26. Bh3
{[/\27.Bf5|^]} Ne4 27. Bf5 Ndc5 $2 $138 (27... Nxf2+ 28. Kc2 Nf8 29. Rh2 $1 Rf7
(29... Re2 30. Bd3 $18) (29... Ne4 30. Re2 Nd6 31. Rxe8 Nxe8 32. Rc8 $18) 30.
Bxh7 Nxh7 31. Rxf2 $16) 28. Rch6 $18 Nxf2+ 29. Kc2 d3+ 30. Kc1 Nfe4 (30... Rg7
31. Bc3 d2+ 32. Kxd2 Nce4+ 33. Kc2 Nxc3 34. Rxh7+ Rxh7 35. Rxh7+ Kg8 36. Kxc3
$18) 31. Bxh7 Nxd2 32. Bf5+ Kg8 33. Rh8+ 1-0

[Event "ISR Cup-f"]
[Site "Israel"]
[Date "1998.05.14"]
[Round "4"]
[White "Gershon, Alik"]
[Black "Liss, Eran"]
[Result "1-0"]
[WhiteElo "2425"]
[BlackElo "2540"]
[Annotator "Har Zvi,R"]
[PlyCount "51"]
[EventDate "1998.05.??"]
[EventType "team"]
[EventRounds "1"]
[EventCountry "ISR"]
[SourceTitle "CBM 065"]
[Source "ChessBase"]
[SourceDate "1998.08.06"]
[SourceVersion "1"]
[SourceVersionDate "1998.08.06"]
[SourceQuality "1"]

1. d4 Nf6 2. c4 g6 3. Nc3 d5 4. Nf3 Bg7 5. Qb3 dxc4 6. Qxc4 O-O 7. e4 Na6 8.
Be2 c5 9. d5 e6 10. O-O exd5 11. exd5 Re8 12. Bf4 Bf5 13. Rad1 Nd7 (13... Ne4
14. Bd3 Nd6 (14... Bxc3 15. bxc3 b5 16. Qxb5 Nxc3 17. Qc4 (17. Qxa6 Bxd3 18.
Qxd3 Ne2+ 19. Kh1 Nxf4 20. Qc4 Qd6 21. Rfe1 $2 (21. g3 $5) 21... Rxe1+ 22. Nxe1
Rb8 $36 {[%csl Re1,Rh1][%cal Gb8b1]} 23. a3 Rb2 24. f3 Qe5 25. Qe4 Qg5 26. g3
Qh5 27. h4 Ne2 28. Qe8+ Kg7 29. d6 Nxg3+ 30. Kg1 Ne2+ 31. Kf1 Qf5 32. Qxe2 Qh3+
{0-1 Gurevich,M-Kasparov,G/URS-ch55 1988/URS-ch}) 17... Nxd1 (17... Bxd3 18.
Rxd3 Ne2+ 19. Kh1 Nxf4 20. Qxf4 Nb4 21. Rd2 Nxd5 22. Qg3 $1 $16) 18. Rxd1 (18.
Bxf5 gxf5 19. Rxd1 Re4 $15) 18... Bxd3 19. Rxd3 Qb6 20. Rb3 Qf6 21. g3 $44 {
1/2-1/2 Gurevich,M-Kotronias,V/Reykjavik op 1988/TD 88\05 (73)}) 15. Bxd6 Bxd3
16. Rxd3 Qxd6 17. Ng5 h6 18. Nge4 Qb6 19. d6 Qb4 20. Nd2 Qxc4 21. Nxc4 Nb4 22.
Rd2 Rad8 23. Rfd1 Nc6 24. Kf1 Kf8 25. Rd3 Rd7 26. a4 Ne5 27. Nxe5 Bxe5 28. Rd5
b6 29. a5 Bxc3 {1/2-1/2 Renet,O-Kouatly,B/Marseille 1986/MCL 07}) (13... Qb6 $6
14. Qb5 Nb4 $6 15. a3 Nc2 16. Qxb6 axb6 17. Bb5 Bd7 18. Be5 Rad8 19. Bxd7 Rxd7
20. Rd2 Nd4 21. Bxd4 cxd4 22. Rxd4 Nh5 23. Rb4 Bxc3 24. bxc3 Rxd5 25. Rxb6 Rc8
$14 {/+/- 1/2-1/2 Dlugy,M-Gavrikov,V/Tunis izt 1985/IZT (40)}) 14. Rfe1 (14.
Qb3 Nb4 $1 15. Rd2 Nb6 $1 16. Bb5 (16. Bg5 Qc8 $1) 16... Bd7 17. Bg5 Qc8 $1 (
17... Bf6 $2 18. Bxf6 Qxf6 19. Bxd7 Nxd7 20. a3 $18) 18. Rc1 (18. a3 Bxb5 19.
Nxb5 Qd7 $1 {} 20. Nc3 Nd3 $1) (18. Be3 $5 Rd8 $8 (18... a6 $6 19. Bxd7 $1 (
19. Be2 $6 Bxc3 $1 20. bxc3 Ba4 21. Qa3 N4xd5 22. Bxc5 Bb5 $1) 19... Nxd7 20.
Na4 (20. d6 $1 $16) 20... b5 $2 21. Nxc5 $1 Rxe3 22. Qxb4 Rxf3 23. Nxd7 $18) (
18... Nd3 $6 19. Rxd3 $1 c4 20. Bxc4 Qxc4 21. Rfd1 $16) 19. Be2 (19. Rfd1 $6
Bxb5 $1 20. Nxb5 a5 $1 $17) 19... Bf5 $1 (19... Bxc3 $2 20. bxc3 N4xd5 (20...
Ba4 21. Qa3 N4xd5 22. Bg5 f6 23. c4 fxg5 24. cxd5 $16) 21. Rxd5 Nxd5 22. Qxd5
Bb5 23. Qe5 $1 Re8 (23... f6 24. Qxf6 Bxe2 25. Bh6 Qc7 26. Qe6+ $18) 24. Bxb5
Rxe5 25. Nxe5 $16) (19... a5 $6 20. Rc1 a4 21. Qd1 $16) 20. Bg5 Re8 21. Bb5 Bd7
22. Be3 $11) 18... a5 $1 $132 {1-0 Ivanchuk,V-Kotronias,V/Lvov 1988 (38)} (
18... Bxc3 $6 19. bxc3 Bxb5 20. cxb4 c4 21. Qc3 $16) (18... Bxb5 $5 19. Nxb5
Qd7 20. Rxc5 Na6 21. Rcc2 $5 (21. Rc1 Rac8 22. Nc3 Nc5 23. Qd1 Nc4 24. Rdc2 b5
$1 $36 25. b4 $2 Na6 $1) 21... Rec8 $1 (21... Rac8 22. Nxa7 $1 Rxc2 23. Qxc2 $1
Nxd5 24. Qb3 $16) 22. Nc3 h6 $1 $44)) (14. Bg5 Qc8 15. Rd2 h6 16. Be3 Nb6 17.
Qb5 g5 18. Qa5 Bg4 19. d6 Qe6 20. Qb5 Rad8 21. Na4 Bxf3 22. Bxf3 Qc4 23. Qxc4
Nxc4 24. Rdd1 b5 $13 {0-1 Shneider,A-Gavrikov,V/URS-chYM 1983/MCL 05 (46)})
14... Nb4 15. Bf1 Rxe1 16. Rxe1 a6 (16... Nb6 17. Qxc5 N4xd5 18. Rd1 Bxc3 19.
bxc3 Be4 20. Ng5 $5 (20. c4 Nd7 (20... Bxf3 21. gxf3 Qf6 22. Bh6 Qh4 23. Bd2
Rc8 24. Qa5) 21. Qd4 Bxf3 22. gxf3 Nxf4 23. Qxf4 Qf6 $13) 20... Bc2 21. Rd4 (
21. Rd2 Qf6) 21... Qf6 22. Bd2 $14) 17. a4 Rc8 (17... Qa5 $5 {this seems as
quite a good move,the idea is simple Nb6 followed by Bc2,this move has a plus
over the move played in the game Rc8 [of course with the same idea defending
c5 and threatening Nb6 ] but it gave white Bg5 with a tempi here white does
not have it,the disadvantage is that the Queen seems out of play} 18. Qb3 $5 (
18. d6 Nb6 19. Qb3 Bc2 (19... Bxc3 20. Qxc3 N6d5 21. Qc4 $13) 20. Qa3 Rd8 $15 {
[%csl Ra3,Rd6][%cal Gg7f8] /-/+} (20... Nxa4 $2 21. d7 $18)) (18. Re7 Bf6 $1 (
18... Nb6 19. Qe2 (19. Qb3 Bc2 20. Qa3 N6xd5 21. Nxd5 Nxd5 22. Bd2 Qxa4 23.
Qxa4 Bxa4 24. Rxb7 Bc6 $17) 19... Rf8 (19... Bd3 $2 20. Re8+ Bf8 21. Qe7 $18)
20. Rxb7 N6xd5 21. Nxd5 Nxd5 22. Be5 $14) 19. Bc7 (19. Re3 Nb6 {[%csl Rd5]})
19... Nb6 (19... Qxc7 20. d6 Be6 21. dxc7 (21. Rxe6 $5 Qc6 22. Ne4 $13) 21...
Bxc4 22. Rxd7 Be6 (22... Bxf1 $2 23. Ne4 $18) 23. Ne4 Kg7 24. Nxf6 Kxf6 25. Rd8
Rc8 {[%csl Rc7]}) 20. Bxb6 Qxb6 $17 {[%csl Gf5,Gf6]}) 18... Bc2 19. Qa3 Rd8 $15
{[%csl Ra3]} (19... Bxc3 $2 20. Qxc3 Qxa4 $2 21. Bh6 f6 22. Qe3 $18)) 18. Bg5
Nf6 (18... Bf6 $5 19. Qh4 $14) 19. Ne5 Rc7 $6 (19... h6 $2 20. Nxf7 Kxf7 21.
d6+ Kf8 22. Re7 $18) (19... Qd6 $1 $15) 20. Qh4 $1 $14 {[%cal Gh4d8]} Qd6 $6 (
20... Nc2 21. Rd1 Nd4 $14) (20... Rc8 {just taking it back maybe although it's
not easy to do such thing!}) 21. Nc4 $1 Qd8 22. d6 Rd7 23. a5 $1 $16 {[%csl
Rc5][%cal Gc3a4,Ga4b6,Ga4c5]} Rxd6 (23... Bc2 24. g3 $16 {[%cal Gf1h3]}) 24.
Nxd6 Qxd6 25. Rd1 Qc7 $4 {time,but any way black's position is lost} (25... Qe7
26. Rd2 $18) 26. Bxf6 1-0